000 00256nam a2200109 a 4500
008 090930s1974|||| d
100 1 _aAubryová, C.
245 1 0 _aSebastian a Mary Morgan
260 _bPravda
_aBratislava
_c1974
041 _aslo
044 _axo
_cSK
999 _c32
_d32